000 02019nam2a2200301 4500
001 RU\NLR\BIBL_A\012700417
005 20260406154047.0
010 _a978-5-4396-2283-2
_bт. 6
_93000
021 _aRU
_b2021-69508
_9КН-П-5507
035 _a(NLR Aleph) 012700417
090 _a12876494
_c12876494
100 _a20220203d2021 |||y0rusy50 ca
101 0 _arus
102 _aRU
105 _aa|||z|||000zy
200 1 _aНазначение наказания
_fГоликова А. В. - кандидат юридических наук, доцент, Лопашенко Н. А. - доктор юридических наук, профессор, Степашин В. М. - доктор юридических наук, профессор [и др.]
210 _d2021
_aБ. м.
215 _a734, [1] с.
_cил.
300 _aАвт. указаны на обороте тит. с.
320 _aБиблиогр.: с. 658-688, в подстроч. примеч. и в тексте
461 0 _1001RU\NLR\BIBL_A\012408119
_12001#$aУголовное право. Общая часть. Наказание. Академический курс$eв 10 томах$fпод редакцией доктора юридических наук, профессора Н.А. Лопашенко$vТ. 6
_911761386
_cМосква
_d2020
_fпод редакцией доктора юридических наук, профессора Н.А. Лопашенко
_nЮрлитинформ
_oв 10 томах
_tУголовное право. Общая часть. Наказание. Академический курс
_y9785439619931
_vТ. 6
701 1 _aГоликова
_bА. В.
_gАрина Владимировна
701 1 _8rus
_7ca
_aЛопашенко
_bН. А.
_f1959-
_gНаталья Александровна
_3RU\NLR\AUTH\776770
_9116718
701 1 _aСтепашин
_bВ. М.
_gВиталий Михайлович
942 _cBOOK
980 _aNB